Who did that 90s hits - Statistics

General Stats
  • This quiz has been taken 99 times
  • The average score is 11 of 30
Answer Stats
Hint Answer % Correct
Californication Red Hot Chili Peppers
94%
Zombie the Cranberries
85%
I want it that way Backstreet boys
81%
November rain Guns N` Roses
73%
Nothing else matters Metallica
65%
Man! I feel like a woman! Shania Twain
61%
Pretty fly (for a white gay) the Offspring
54%
Baby got back Sir Mix A Lot
47%
Are you gonna go my way Lenny Kravitz
46%
Frozen Madonna
46%
Ready or not Fugees
45%
Sexbomb Tom Jones
45%
End of the road Boyz II men
42%
I'll be missing you Diddy
41%
You drive me crazy Britney Spears
36%
They don`t care about us Michael Jackson
36%
The next episode Dr. Dre
31%
If you had my love Jennifer Lopez
29%
I`ll be there for you the Rembrandts
29%
Beautiful life Ace of base
19%
I love your smile Shanice
16%
Mr. Vain Culture Beat
14%
Moi...Lolita Alizee
9%
Finally Cece Peniston
9%
God is a DJ Faithless
9%
Breathe Prodigy
9%
Sweet Harmony The Beloved
9%
Where do you go No Mercy
7%
Get get down Paul Johnson
1%
Fable-Dream Robert Miles
1%
No matching quizzes found
Score Distribution
Percent of People with Each Score
Percentile by Number Answered
Your Score History
You have not taken this quiz